<The> canadian agreement on internal trade developments and prospekts

Gespeichert in:
Bibliographische Detailangaben
1. Verfasser: Leidy, Michael P.
Format: Buch
Sprache:Englisch
Veröffentlicht: Washington IMF 1998
Schriftenreihe:IMF Working Paper 51
Schlagworte:
Tags: Tag hinzufügen
Keine Tags, Fügen Sie das erste Tag hinzu!

MARC

LEADER 00000nam a2200000 4500
001 c102596
005 20221221081730.8
041 0 |a eng 
044 |a US 
245 1 0 |a <The> canadian agreement on internal trade  |b developments and prospekts  |c Michael P. Leidy 
264 1 |a Washington  |b IMF  |c 1998 
300 |a 28 s. 
490 1 |a IMF Working Paper  |v 51 
830 0 |a IMF Working Paper  |v 51 
610 2 0 |a obchod vnútorný 
610 2 0 |a dohody obchodné 
610 2 0 |a Kanada 
610 2 0 |a politika obchodná 
610 2 0 |a riadenie obchodu 
610 2 0 |a reformy 
610 2 0 |a trh vnútorný 
100 1 |a Leidy, Michael P.